| 000 | 00773nam a22002177a 4500 | ||
|---|---|---|---|
| 003 | UA-OsUOA | ||
| 001 | 61681 | ||
| 007 | ta | ||
| 008 | 20090710b un ||||| |||| 00| 0 ukr d | ||
| 090 |
_a261,7 (477) (058) _bР36 |
||
| 942 | _cBK | ||
| 040 |
_aUA-OsUOA _bukr _cUA-OsUOA _dUA-OsUOA |
||
| 245 |
_aРелігійна свобода: Державно-церковна політика в Україні як фактор формування громадського суспільства _bнаук. щорічник №14 _cза ред. А. Колодного |
||
| 300 | _a186 с. | ||
| 955 | _a1 | ||
| 041 | _aukr | ||
| 080 | _a261,7 (477) (058) | ||
| 260 |
_aК. _c2009 |
||
| 650 | 7 |
_a26 Християнська Церква загалом _2UDC |
|
| 999 |
_c347446 _d347446 |
||